Narraciones extraordinarias.

Spremljeno u:
Bibliografski detalji
Glavni autor: Poe, Edgar Allan (autor)
Format: Knjiga
Izdano: Madrid, España: Jorge A. Mestas, Ediciones Escolares, S.L., 2003.
Izdanje:Tercera edición.
Serija:Clásicos Universales.
Teme:
Oznake: Dodaj oznaku
Bez oznaka, Budi prvi tko označuje ovaj zapis!

MARC

LEADER 00000nam a22000007a 4500
003 CL-VaPUC
005 20250407202448.0
008 250314t2003 ||||| |||| 00| 0 spa d
999 |c 447357  |d 447355 
020 |a 84-89163-96-0 
040 |c Pontificia Universidad Católica de Valparaíso 
082 |a 813 POE 2017 
100 |9 313715  |a Poe, Edgar Allan  |e autor 
245 |a Narraciones extraordinarias. 
250 |a Tercera edición. 
260 |a Madrid, España:  |b Jorge A. Mestas, Ediciones Escolares, S.L.,  |c 2003. 
300 |a 156 páginas.  
490 |a Clásicos Universales.  
500 |a c.1 Instituto Arcos.08-01-2025. 
583 |c 20250114  |k Cristina María Rojas Aguilar 
650 0 |9 317168  |a Literatura estadounidense  |x Cuentos de terror  |y Siglo 19 
942 |2 ddc  |c BK  |n 0 
952 |0 0  |1 0  |2 ddc  |4 0  |6 813_000000000000000_POE_2017  |7 0  |8 A  |9 601284  |a BIBINC  |b BIBINC  |d 2025-03-14  |e Instituto Arcos  |i 5666132  |l 1  |o 813 POE 2017  |p 5666132  |r 2025-03-25  |s 2025-03-21  |t 1  |w 2025-03-14  |y BK  |k IFP